000 01136nam a2200325 a 4500
001 991039521989706706
003 ES-BaIT
005 20251006130530.0
008 060405s2004 sp a || 000 ||spa|c
017 _aDL M-24371-2004
_bOficina DL Madrid
020 _a8481646741
035 _a(ES-BaCBU).b35113959
035 _a(OCoLC)803805799
040 _aES-BaCBU
_bcat
_cES-BaCBU
080 _a801.73
080 _a1
100 _aGadamer, Hans Georg,
_d1900-2002
_9107943
245 1 0 _aHermenéutica de la modernidad :
_bconversaciones con Silvio Vietta /
_cHans-Georg Gadamer ; traducción de Luciano Elizaincín-Arrarás
260 _aMadrid :
_bTrotta,
_ccop. 2004
300 _a110 p.;
_c20 cm
530 _aTambé disponible la versió en línia
650 0 7 _aHermenèutica
_2lemac
_957000
700 1 _aVietta, Silvio
_9167407
830 _aMínima Trotta
_9129045
856 4 1 _zAccés lliure
_uhttps://archive.org/details/hermeneutica-de-la-modernidad-hans-georg-gadamer
907 _a.b35113959
_b01-03-21
_c09-05-08
_d05-04-06
_em
_fa
_g-
_hspa
_isp
_j0
_k2
908 _aUdG
_aURV
940 _aUdG
942 _2udc
_c1
999 _c136646
_d136646